000 00870cam a22002533a 4500
001 9397
003 PGUSA
005 20140828083211.0
008 051101s2005||||xxu|||||s|||||000 | eng d
040 _aPGUSA
_beng
042 _adc
050 4 _aPZ
100 1 _aRichards, Laura Elizabeth Howe,
_d1850-1943
245 1 4 _aThe Green Satin Gown
_h[electronic resource] /
_cLaura Elizabeth Howe Richards
260 _bProject Gutenberg,
_c2005
505 0 _aThe Green Satin Gown -- Blue Egyptians -- Little Benjamin -- Don Alonzo -- The Shed Chamber -- Maine To The Rescue -- The Scarlet Leaves
506 _aPublic domain in the USA.
516 _aElectronic text
653 _aChildren's stories
700 1 _aBarry, Etheldred B.
_q(Etheldred Breeze),
_d1870-
830 0 _aProject Gutenberg
_v9397
856 4 0 _uhttp://www.gutenberg.org/ebooks/9397
942 _cEB
999 _c238653
_d238653